[Event "Montreal op"]
[Site "Montreal CAN"]
[Date "2011.09.10"]
[Round "3.16"]
[White "Robichaud, Louis"]
[Black "Papineau (Granby), Daniel"]
[Result "1-0"]
[WhiteElo "2114"]
[BlackElo "2078"]
[PlyCount "37"]
[GameId "2160767909648414"]
[EventDate "2011.09.09"]
[EventType "swiss"]
[EventRounds "5"]
[EventCountry "CAN"]

1. e4 e5 2. Nf3 Nc6 3. Bb5 a6 4. Ba4 Nf6 5. O-O Nxe4 6. d4 b5 7. Bb3 d5 8. dxe5 Be6 9. Qe2 Be7 10. Rd1 O-O 11. c4 bxc4 12. Bxc4 Na5 13. Bd3 Nc5 14. Bc2 Qb8 15. Nc3 c6 16. Nd4 g6 17. a3 Nd7 18. b4 Bxb4 19. axb4 1-0

[Event "Montreal op"]
[Site "Montreal CAN"]
[Date "2011.09.10"]
[Round "3.17"]
[White "Zhou, Qiyu"]
[Black "Hirth, Julien"]
[Result "1-0"]
[WhiteElo "1660"]
[BlackElo "2103"]
[PlyCount "101"]
[GameId "2160767909648415"]
[EventDate "2011.09.09"]
[EventType "swiss"]
[EventRounds "5"]
[EventCountry "CAN"]

1. e4 c5 2. Nf3 Nc6 3. d4 cxd4 4. Nxd4 Nf6 5. Nc3 e5 6. Ndb5 d6 7. Bg5 a6 8. Na3 b5 9. Nd5 Be7 10. Bxf6 Bxf6 11. c3 Ne7 12. Nc2 Bg5 13. a4 Rb8 14. Ncb4 Nxd5 15. exd5 Qb6 16. axb5 axb5 17. Nc6 Rb7 18. Ra5 O-O 19. Rxb5 Qc7 20. Rxb7 Bxb7 21. Nb4 e4 22. Qg4 Bc1 23. Bb5 Bxb2 24. O-O f5 25. Qe2 Qxc3 26. Nc6 Qf6 27. Rb1 Bc3 28. Bc4 Bc8 29. Qe3 Re8 30. Rb3 Be5 31. Bb5 Rf8 32. Bc4 Kh8 33. Qa7 f4 34. Rb8 f3 35. g3 Bh3 36. Qa8 Kg8 37. Nxe5 h6 38. Rxf8+ Qxf8 39. Qxf8+ Kxf8 40. Ng6+ Kf7 41. Nf4 Bf5 42. Kf1 Kf6 43. Ke1 g5 44. Ne6 Ke5 45. Kd2 Bh3 46. Ke3 Bf5 47. Nd8 Bg6 48. Nc6+ Kf6 49. Bb3 Bf5 50. Bc2 Bd7 51. Bxe4 1-0

[Event "Montreal op"]
[Site "Montreal CAN"]
[Date "2011.09.10"]
[Round "3.20"]
[White "Poulin, Mathieu"]
[Black "Luo, Zhao Yang"]
[Result "1-0"]
[WhiteElo "2051"]
[BlackElo "1935"]
[PlyCount "71"]
[GameId "2160767909648417"]
[EventDate "2011.09.09"]
[EventType "swiss"]
[EventRounds "5"]
[EventCountry "CAN"]

1. d4 Nf6 2. c4 g6 3. Nc3 Bg7 4. e4 d6 5. f3 O-O 6. Be3 Nbd7 7. Qd2 c5 8. Nge2 Nb6 9. b3 Nbd7 10. Rc1 a6 11. g3 Rb8 12. a4 Qa5 13. Bg2 cxd4 14. Nxd4 Nc5 15. O-O e5 16. b4 Qxb4 17. Nc2 Qb6 18. Nd5 Nxd5 19. cxd5 Qc7 20. Na3 b6 21. a5 Qe7 22. axb6 Nb3 23. Qb4 Nxc1 24. Rxc1 Rd8 25. Rc7 Rd7 26. Rc6 Bb7 27. Bh3 Rdd8 28. Nc4 Bf8 29. Rc7 Qf6 30. Kg2 Bc8 31. Bxc8 Rdxc8 32. Rxc8 Rxc8 33. b7 Rb8 34. Ba7 Qd8 35. Bxb8 Qxb8 36. Na5 1-0

[Event "Montreal op"]
[Site "Montreal CAN"]
[Date "2011.09.10"]
[Round "3.21"]
[White "Seguin, Rene"]
[Black "Cvetkovic, Simeon"]
[Result "1/2-1/2"]
[WhiteElo "1949"]
[BlackElo "2065"]
[PlyCount "61"]
[GameId "2160767909648418"]
[EventDate "2011.09.09"]
[EventType "swiss"]
[EventRounds "5"]
[EventCountry "CAN"]

1. c4 Nf6 2. g3 e6 3. Bg2 d5 4. Nf3 Be7 5. O-O O-O 6. b3 c5 7. cxd5 exd5 8. d4 Ne4 9. Bb2 Bf6 10. Ne5 cxd4 11. Bxd4 Re8 12. Nf3 Nc6 13. e3 Bg4 14. h3 Nxd4 15. exd4 Bxf3 16. Bxf3 Qb6 17. Bxe4 dxe4 18. Nc3 Bxd4 19. Rc1 Rad8 20. Qh5 Re5 21. Qh4 Rde8 22. Nxe4 h6 23. Nc3 Bxc3 24. Rxc3 Re2 25. a4 R2e4 26. Qh5 Rb4 27. Qf3 Qe6 28. Kg2 Qe4 29. Qxe4 Rexe4 30. Rd1 Re7 31. Kf3 1/2-1/2

[Event "Montreal op"]
[Site "Montreal CAN"]
[Date "2011.09.11"]
[Round "4.1"]
[White "Dumont, Felix"]
[Black "Ramaswamy, Kishor"]
[Result "1/2-1/2"]
[WhiteElo "1984"]
[BlackElo "2140"]
[PlyCount "68"]
[GameId "2160767909648419"]
[EventDate "2011.09.09"]
[EventType "swiss"]
[EventRounds "5"]
[EventCountry "CAN"]
[SourceTitle "EXT 2022"]
[Source "ChessBase"]
[SourceDate "2021.10.06"]
[SourceVersion "1"]
[SourceVersionDate "2021.10.06"]
[SourceQuality "1"]

1. e4 c6 2. d4 d5 3. f3 g6 4. Nc3 Bg7 5. Be3 Qb6 6. Qd2 Qxb2 7. Rb1 Qa3 8. exd5 Nf6 9. dxc6 bxc6 10. Bc4 Ba6 11. Qd3 Bxc4 12. Qxc4 O-O 13. Rb7 Nd5 14. Nxd5 cxd5 15. Qb3 Qd6 16. Ne2 Nc6 17. Rb5 Rab8 18. O-O Rxb5 19. Qxb5 Rb8 20. Qa4 Qe6 21. Bf2 Rb4 22. Qa6 Nxd4 23. Qa5 Nxe2+ 24. Kh1 Bc3 25. a3 Ng3+ 26. Bxg3 Qe2 27. Rg1 Rc4 28. Qd8+ Kg7 29. Qxd5 e6 30. Qd3 Qxd3 31. cxd3 Ra4 32. Bd6 Bd4 33. Rb1 Bb6 34. Bb4 Bd4 1/2-1/2

[Event "Montreal op"]
[Site "Montreal CAN"]
[Date "2011.09.11"]
[Round "4.7"]
[White "Trottier, Emile"]
[Black "Hamilton, Robert"]
[Result "1-0"]
[WhiteElo "2090"]
[BlackElo "2301"]
[PlyCount "77"]
[GameId "2160767909648427"]
[EventDate "2011.09.09"]
[EventType "swiss"]
[EventRounds "5"]
[EventCountry "CAN"]
[SourceTitle "EXT 2022"]
[Source "ChessBase"]
[SourceDate "2021.10.06"]
[SourceVersion "1"]
[SourceVersionDate "2021.10.06"]
[SourceQuality "1"]

1. e4 c5 2. c3 d5 3. exd5 Qxd5 4. d4 Nc6 5. Nf3 Nf6 6. Be2 e6 7. O-O cxd4 8. cxd4 Be7 9. Nc3 Qd6 10. a3 O-O 11. Bd3 b6 12. Re1 Bb7 13. Be3 Rac8 14. Rc1 Rfd8 15. b4 e5 16. Bf5 Qb8 17. Bxc8 Bxc8 18. d5 Be6 19. Qa4 b5 20. Qa6 Nxd5 21. Qxc6 Rc8 22. Nxd5 Rxc6 23. Nxe7+ Kh8 24. Nxc6 Qb7 25. Nxa7 f6 26. Rc2 h6 27. Rec1 Qf7 28. Nxb5 Qg6 29. a4 Bd5 30. Ne1 f5 31. Rc5 Qf7 32. Nc7 Bb3 33. Rxe5 f4 34. Bd2 Bxa4 35. b5 Qa2 36. Bxf4 g5 37. Be3 Qb2 38. Re7 Kg8 39. Nd5 1-0

[Event "Montreal op"]
[Site "Montreal CAN"]
[Date "2011.09.11"]
[Round "4.8"]
[White "Hajiyev, Elshad"]
[Black "Schott, Guido"]
[Result "0-1"]
[WhiteElo "2041"]
[BlackElo "2184"]
[PlyCount "66"]
[GameId "2160767909648428"]
[EventDate "2011.09.09"]
[EventType "swiss"]
[EventRounds "5"]
[EventCountry "CAN"]
[SourceTitle "EXT 2022"]
[Source "ChessBase"]
[SourceDate "2021.10.06"]
[SourceVersion "1"]
[SourceVersionDate "2021.10.06"]
[SourceQuality "1"]

1. d4 d6 2. e4 Nf6 3. Nc3 c6 4. f4 Qa5 5. Bd2 e5 6. d5 exf4 7. Qf3 g5 8. h4 Bg4 9. Qf2 gxh4 10. Qxf4 Nbd7 11. Be2 h5 12. Nb5 Qxb5 13. Bxb5 cxb5 14. Bc3 Bh6 15. Qxd6 Nxe4 16. Qb4 Nxc3 17. bxc3 O-O-O 18. Nf3 Rhe8+ 19. Kf1 Nb6 20. Rd1 Nc4 21. Rd3 Ne3+ 22. Kg1 Nxd5 23. Rxd5 Rxd5 24. Rxh4 f5 25. Rxg4 hxg4 26. Nd4 g3 27. Kf1 Rde5 28. Nf3 Rd5 29. Nd4 Be3 30. Qb3 Bf2 31. Qb1 Rde5 32. Nf3 Re3 33. Qd1 Rh8 0-1

[Event "Montreal op"]
[Site "Montreal CAN"]
[Date "2011.09.11"]
[Round "4.9"]
[White "Lepine, Cedric"]
[Black "Robichaud, Louis"]
[Result "1-0"]
[WhiteElo "2050"]
[BlackElo "2114"]
[PlyCount "86"]
[GameId "2160767909648429"]
[EventDate "2011.09.09"]
[EventType "swiss"]
[EventRounds "5"]
[EventCountry "CAN"]
[SourceTitle "EXT 2022"]
[Source "ChessBase"]
[SourceDate "2021.10.06"]
[SourceVersion "1"]
[SourceVersionDate "2021.10.06"]
[SourceQuality "1"]

1. d4 Nf6 2. c4 g6 3. Nc3 Bg7 4. e4 d6 5. f4 O-O 6. Nf3 c5 7. d5 e6 8. Be2 exd5 9. cxd5 b5 10. Bxb5 Nxe4 11. Nxe4 Qa5+ 12. Kf2 Qxb5 13. Re1 Qb6 14. Kg1 Bb7 15. Be3 Na6 16. a3 Rfe8 17. Bf2 Nc7 18. b4 Rxe4 19. Rxe4 Bxa1 20. Qxa1 Bxd5 21. Re1 Bxf3 22. gxf3 Qc6 23. bxc5 dxc5 24. Kg2 Rd8 25. Qe5 Re8 26. Qxc5 Qxc5 27. Rxe8+ Nxe8 28. Bxc5 a6 29. Kf2 f5 30. Ke3 Kf7 31. Kd4 Ke6 32. Bb4 Kd7 33. Kc5 Kc7 34. Ba5+ Kb7 35. Kd5 Nc7+ 36. Bxc7 Kxc7 37. Kc5 Kb7 38. a4 Kc7 39. a5 h6 40. Kd5 g5 41. fxg5 hxg5 42. h3 Kd7 43. Ke5 Kc6 1-0

[Event "Montreal op"]
[Site "Montreal CAN"]
[Date "2011.09.11"]
[Round "4.10"]
[White "Leutschaft, Martin"]
[Black "Zhou, Qiyu"]
[Result "1-0"]
[WhiteElo "2099"]
[BlackElo "1660"]
[PlyCount "89"]
[GameId "2160767909648430"]
[EventDate "2011.09.09"]
[EventType "swiss"]
[EventRounds "5"]
[EventCountry "CAN"]
[SourceTitle "EXT 2022"]
[Source "ChessBase"]
[SourceDate "2021.10.06"]
[SourceVersion "1"]
[SourceVersionDate "2021.10.06"]
[SourceQuality "1"]

1. d4 Nf6 2. Nf3 e6 3. Bg5 Be7 4. Nbd2 d5 5. e3 O-O 6. Bd3 Nbd7 7. c3 c5 8. O-O a6 9. Ne5 Nxe5 10. dxe5 Nd7 11. Bf4 Re8 12. Qh5 Nf8 13. Rad1 b5 14. Nf3 Qc7 15. h4 Bb7 16. Qg4 Ng6 17. Bg3 c4 18. Bb1 a5 19. h5 Nf8 20. Nd4 Ba6 21. f4 Bc5 22. f5 Bxd4 23. exd4 exf5 24. Bxf5 Qc6 25. Bh4 Kh8 26. Rf3 Ra7 27. Rdf1 b4 28. Rg3 Ne6 29. Bxe6 fxe6 30. h6 g6 31. Bf6+ Kg8 32. Qh5 Kf8 33. Rxg6 hxg6 34. Qxg6 Rf7 35. Bg7+ Ke7 36. Rxf7+ Kd8 37. Bf6+ Kc8 38. h7 bxc3 39. bxc3 Qa4 40. h8=Q Qd1+ 41. Kh2 Rxh8+ 42. Bxh8 Kb8 43. Qg8+ Bc8 44. Rf8 Qh5+ 45. Kg3 1-0

[Event "Montreal op"]
[Site "Montreal CAN"]
[Date "2011.09.11"]
[Round "4.13"]
[White "Pottinger, Carl"]
[Black "Gagnon, Serge"]
[Result "0-1"]
[WhiteElo "2001"]
[BlackElo "2101"]
[PlyCount "72"]
[GameId "2160767909648432"]
[EventDate "2011.09.09"]
[EventType "swiss"]
[EventRounds "5"]
[EventCountry "CAN"]
[SourceTitle "EXT 2022"]
[Source "ChessBase"]
[SourceDate "2021.10.06"]
[SourceVersion "1"]
[SourceVersionDate "2021.10.06"]
[SourceQuality "1"]

1. c4 e5 2. g3 f5 3. Bg2 Nf6 4. Nc3 c6 5. d3 Bc5 6. e3 Bb6 7. Nge2 O-O 8. O-O Qe7 9. d4 e4 10. d5 d6 11. dxc6 bxc6 12. b3 Nbd7 13. Nd4 Ne5 14. Ba3 Bc5 15. Bxc5 dxc5 16. Nde2 Rd8 17. Qc2 Be6 18. Rfd1 Bf7 19. Rxd8+ Rxd8 20. Rd1 Rxd1+ 21. Qxd1 Bh5 22. Qd2 g5 23. Nc1 Bf3 24. a3 h5 25. N3e2 Nfg4 26. h3 Nf6 27. Kh2 Kf8 28. Ng1 Ke8 29. Nxf3 exf3 30. Bf1 Ne4 31. Qc2 Qd6 32. Nd3 h4 33. Nxe5 hxg3+ 34. Kg1 gxf2+ 35. Kh1 Qxe5 36. Bd3 Qa1+ 0-1

[Event "Montreal op"]
[Site "Montreal CAN"]
[Date "2011.09.11"]
[Round "4.14"]
[White "Poirier, Erik"]
[Black "Poulin, Mathieu"]
[Result "1/2-1/2"]
[WhiteElo "2029"]
[BlackElo "2051"]
[PlyCount "36"]
[GameId "2160767909648433"]
[EventDate "2011.09.09"]
[EventType "swiss"]
[EventRounds "5"]
[EventCountry "CAN"]
[SourceTitle "EXT 2022"]
[Source "ChessBase"]
[SourceDate "2021.10.06"]
[SourceVersion "1"]
[SourceVersionDate "2021.10.06"]
[SourceQuality "1"]

1. d4 d5 2. c4 e6 3. Nc3 Nf6 4. Bg5 Be7 5. e3 O-O 6. Nf3 h6 7. Bh4 b6 8. cxd5 Nxd5 9. Bxe7 Qxe7 10. Bd3 c5 11. O-O Bb7 12. Rc1 Nd7 13. Bb1 cxd4 14. Nxd4 Rac8 15. Nxd5 Bxd5 16. Qd3 Nf6 17. Qa6 Qb7 18. Qxb7 Bxb7 1/2-1/2

[Event "Montreal op"]
[Site "Montreal CAN"]
[Date "2011.09.11"]
[Round "4.15"]
[White "Auger, Bertrand"]
[Black "Bergeron, Pascal"]
[Result "0-1"]
[WhiteElo "1948"]
[BlackElo "2138"]
[PlyCount "104"]
[GameId "2160767909648434"]
[EventDate "2011.09.09"]
[EventType "swiss"]
[EventRounds "5"]
[EventCountry "CAN"]
[SourceTitle "EXT 2022"]
[Source "ChessBase"]
[SourceDate "2021.10.06"]
[SourceVersion "1"]
[SourceVersionDate "2021.10.06"]
[SourceQuality "1"]

1. Nf3 g6 2. g3 Bg7 3. d4 d6 4. Bg2 Nf6 5. O-O O-O 6. c4 Nbd7 7. Nc3 c6 8. Qc2 e5 9. e4 Re8 10. d5 c5 11. Bg5 h6 12. Bd2 Nh5 13. Rae1 a6 14. Re2 Nf8 15. Ne1 b5 16. b3 Rb8 17. Nd3 f5 18. Rfe1 g5 19. exf5 Bxf5 20. Ne4 bxc4 21. bxc4 Nf6 22. f3 Re7 23. Ndf2 Reb7 24. Bc3 N8h7 25. Nxf6+ Qxf6 26. Ne4 Qg6 27. Rf2 h5 28. Bf1 g4 29. fxg4 hxg4 30. Bd3 Ng5 31. Nf6+ Bxf6 32. Bxf5 Qh5 33. Bg6 Qh8 34. Ref1 Nh3+ 35. Kh1 Nxf2+ 36. Qxf2 Rf8 37. Qf5 Kg7 38. Qxg4 Qh6 39. Bf5+ Qg5 40. Qxg5+ Bxg5 41. g4 Be3 42. h4 Rfb8 43. Rf3 Bd4 44. Bd2 Rb1+ 45. Kg2 R1b2 46. Rd3 Be3 47. Rxe3 Rxd2+ 48. Kf3 Rxa2 49. g5 Rf8 50. Ke4 Rf2 51. Be6 R8f4+ 52. Kd3 Rxh4 0-1

[Event "Montreal op"]
[Site "Montreal CAN"]
[Date "2011.09.11"]
[Round "4.16"]
[White "Papineau, Daniel"]
[Black "Khashper, Arkady"]
[Result "1-0"]
[WhiteElo "2078"]
[BlackElo "2115"]
[PlyCount "115"]
[GameId "2160767909648435"]
[EventDate "2011.09.09"]
[EventType "swiss"]
[EventRounds "5"]
[EventCountry "CAN"]
[SourceTitle "EXT 2022"]
[Source "ChessBase"]
[SourceDate "2021.10.06"]
[SourceVersion "1"]
[SourceVersionDate "2021.10.06"]
[SourceQuality "1"]

1. d4 e6 2. c4 Nf6 3. Nc3 c5 4. d5 exd5 5. cxd5 d6 6. g3 g6 7. Bg2 Bg7 8. Nf3 O-O 9. O-O Re8 10. Nd2 a6 11. a4 Nbd7 12. h3 Rb8 13. a5 b5 14. axb6 Nxb6 15. e4 Bd7 16. Kh2 Bb5 17. Re1 Qe7 18. Nf1 Nfd7 19. f4 Nc4 20. Ne3 Ndb6 21. Qc2 Qc7 22. Ned1 Nd7 23. b3 Na5 24. Bb2 Bf6 25. Nxb5 Rxb5 26. Bxf6 Nxf6 27. Qc3 Nd7 28. Bf1 Rb4 29. Ra3 Nb7 30. Nf2 a5 31. Bg2 f6 32. Nd3 Rd4 33. Nb2 Nb6 34. Raa1 Qd7 35. Red1 Rxd1 36. Rxd1 Kf7 37. h4 Qb5 38. Qf3 a4 39. Nxa4 Nxa4 40. bxa4 Qxa4 41. Rb1 Qa6 42. Qg4 c4 43. e5 dxe5 44. fxe5 Rxe5 45. Qc8 Re7 46. d6 Qxd6 47. Qxc4+ Kg7 48. Rxb7 Rxb7 49. Bxb7 Qd2+ 50. Bg2 Qd6 51. Qd5 Qa3 52. Qd7+ Kh6 53. Qd8 Qc3 54. Qf8+ Kh5 55. Kh3 g5 56. Qf7+ Kh6 57. Be4 f5 58. Qxf5 1-0

[Event "Montreal op"]
[Site "Montreal CAN"]
[Date "2011.09.11"]
[Round "4.18"]
[White "Sasseville, Jean"]
[Black "Le Duin, Thierry"]
[Result "0-1"]
[WhiteElo "1989"]
[BlackElo "2079"]
[PlyCount "122"]
[GameId "2160767909648439"]
[EventDate "2011.09.09"]
[EventType "swiss"]
[EventRounds "5"]
[EventCountry "CAN"]
[SourceTitle "EXT 2022"]
[Source "ChessBase"]
[SourceDate "2021.10.06"]
[SourceVersion "1"]
[SourceVersionDate "2021.10.06"]
[SourceQuality "1"]

1. Nf3 d5 2. d4 Nf6 3. c4 g6 4. cxd5 Nxd5 5. e4 Nb6 6. h3 Bg7 7. Be2 Nc6 8. Be3 O-O 9. Nc3 e6 10. Qd2 Qd7 11. O-O Rd8 12. Rfd1 Qe8 13. Qc2 a5 14. d5 Nb4 15. Qb3 exd5 16. a3 Be6 17. Ng5 d4 18. Nxe6 Qxe6 19. Qxe6 fxe6 20. Bxd4 Rxd4 21. Rxd4 Bxd4 22. axb4 a4 23. Ra3 c6 24. Kf1 Kf7 25. Ke1 Be5 26. b5 Bd6 27. Ra1 Bb4 28. Kd2 c5 29. Kc2 Ke7 30. Rd1 a3 31. b3 Rf8 32. f3 Rc8 33. Bc4 Ra8 34. Na2 Nc8 35. e5 Ra5 36. Kb1 Na7 37. Rd6 Nxb5 38. Rxe6+ Kd8 39. Rb6 Nc3+ 40. Ka1 Nxa2 41. Kxa2 Kc7 42. Rf6 b5 43. Bd5 c4 44. Rf7+ Kb6 45. e6 cxb3+ 46. Bxb3 Ra7 47. Rxa7 Kxa7 48. f4 Kb6 49. g4 Be7 50. g5 Kc5 51. Bc2 Kc4 52. f5 gxf5 53. Bxf5 b4 54. Bc2 Bxg5 55. Bd1 Kc3 56. Ba4 Be7 57. Bd1 Kd2 58. Bg4 Kc2 59. Bf5+ Kc3 60. Bxh7 b3+ 61. Ka1 a2 0-1

[Event "Montreal op"]
[Site "Montreal CAN"]
[Date "2011.09.11"]
[Round "4.19"]
[White "Seguin, Rene"]
[Black "Libersan, Thierry"]
[Result "1/2-1/2"]
[WhiteElo "1949"]
[BlackElo "2066"]
[PlyCount "102"]
[GameId "2160767909648440"]
[EventDate "2011.09.09"]
[EventType "swiss"]
[EventRounds "5"]
[EventCountry "CAN"]
[SourceTitle "EXT 2022"]
[Source "ChessBase"]
[SourceDate "2021.10.06"]
[SourceVersion "1"]
[SourceVersionDate "2021.10.06"]
[SourceQuality "1"]

1. c4 Nf6 2. g3 e6 3. Bg2 d5 4. Nf3 Nbd7 5. O-O c6 6. b3 b6 7. Bb2 Bb7 8. d3 Be7 9. Nbd2 c5 10. e3 O-O 11. Qe2 Qc7 12. Rac1 Rac8 13. Rfd1 Qb8 14. d4 cxd4 15. exd4 Rfd8 16. Ne5 dxc4 17. Bxb7 Qxb7 18. Ndxc4 Nd5 19. Re1 N7f6 20. a3 Bf8 21. Rc2 Rc7 22. Rec1 Rdc8 23. Nd3 h6 24. Nce5 Rxc2 25. Rxc2 Rc7 26. Rxc7 Qxc7 27. Nc4 g6 28. Nde5 b5 29. Ne3 a6 30. Nxd5 Nxd5 31. Qd2 a5 32. Qc1 Qxc1+ 33. Bxc1 Nc3 34. Kf1 Nb1 35. a4 bxa4 36. bxa4 Nc3 37. Bd2 Nxa4 38. Bxa5 Ba3 39. Ke2 Kg7 40. Nc4 Bc1 41. Bd2 Bb2 42. Kd3 Ba1 43. g4 Nb2+ 44. Nxb2 Bxb2 45. f3 h5 46. h3 Kf6 47. Ke4 Ke7 48. Bb4+ Kf6 49. Bd2 hxg4 50. hxg4 Ke7 51. Bb4+ Kf6 1/2-1/2

[Event "Montreal op"]
[Site "Montreal CAN"]
[Date "2011.09.11"]
[Round "4.20"]
[White "Hirth, Julien"]
[Black "Cvetkovic, Simeon"]
[Result "1-0"]
[WhiteElo "2103"]
[BlackElo "2065"]
[PlyCount "61"]
[GameId "2160767909648441"]
[EventDate "2011.09.09"]
[EventType "swiss"]
[EventRounds "5"]
[EventCountry "CAN"]
[SourceTitle "EXT 2022"]
[Source "ChessBase"]
[SourceDate "2021.10.06"]
[SourceVersion "1"]
[SourceVersionDate "2021.10.06"]
[SourceQuality "1"]

1. d4 e6 2. Nf3 f5 3. g3 Nf6 4. Bg2 d5 5. O-O Bd6 6. c4 c6 7. b3 Qe7 8. Bb2 b6 9. Nbd2 Bb7 10. Qc2 Nbd7 11. Ne5 Rc8 12. f3 c5 13. Nxd7 Qxd7 14. e4 cxd4 15. exf5 e5 16. f4 e4 17. Bxd4 Qxf5 18. Rfe1 O-O 19. Qb2 Rfe8 20. Nf1 Re7 21. Ne3 Qe6 22. Rad1 Rce8 23. Bxf6 gxf6 24. cxd5 Qf7 25. Nf5 Bc5+ 26. Kh1 Qg6 27. Nxe7+ Rxe7 28. d6 Rd7 29. b4 Bxd6 30. Qb3+ Kg7 31. Qe6 1-0

[Event "Montreal op"]
[Site "Montreal CAN"]
[Date "2011.09.11"]
[Round "4.21"]
[White "Fiedler, Brian"]
[Black "Luo, Zhao Yang"]
[Result "0-1"]
[WhiteElo "2072"]
[BlackElo "1935"]
[PlyCount "54"]
[GameId "2160767909648442"]
[EventDate "2011.09.09"]
[EventType "swiss"]
[EventRounds "5"]
[EventCountry "CAN"]
[SourceTitle "EXT 2022"]
[Source "ChessBase"]
[SourceDate "2021.10.06"]
[SourceVersion "1"]
[SourceVersionDate "2021.10.06"]
[SourceQuality "1"]

1. Nf3 Nf6 2. c4 g6 3. Nc3 Bg7 4. e4 d6 5. d4 O-O 6. Be2 e5 7. O-O Nc6 8. d5 Ne7 9. Ne1 Nd7 10. f3 f5 11. g4 f4 12. b4 g5 13. Nd3 h5 14. h3 Kf7 15. Bd2 Rh8 16. Kg2 Nf6 17. Be1 Bd7 18. Bf2 Rh6 19. c5 Qh8 20. Rh1 Qh7 21. a4 Rh8 22. cxd6 cxd6 23. Bxa7 hxg4 24. hxg4 Rh2+ 25. Rxh2 Qxh2+ 26. Kf1 Qg3 27. Nf2 Nc8 0-1

[Event "Montreal op"]
[Site "Montreal CAN"]
[Date "2011.09.11"]
[Round "4.22"]
[White "Yun, Chang"]
[Black "Desjardins, Michel"]
[Result "1/2-1/2"]
[WhiteElo "1990"]
[BlackElo "1986"]
[PlyCount "38"]
[GameId "2160767909648443"]
[EventDate "2011.09.09"]
[EventType "swiss"]
[EventRounds "5"]
[EventCountry "CAN"]
[SourceTitle "EXT 2022"]
[Source "ChessBase"]
[SourceDate "2021.10.06"]
[SourceVersion "1"]
[SourceVersionDate "2021.10.06"]
[SourceQuality "1"]

1. d4 Nf6 2. Bg5 d5 3. Nd2 g6 4. Ngf3 Bg7 5. e3 Nbd7 6. Be2 O-O 7. O-O c5 8. c3 b6 9. a3 Bb7 10. Qb1 Rc8 11. b4 cxd4 12. cxd4 Qc7 13. Rc1 Qb8 14. Qb2 Rxc1+ 15. Rxc1 Rc8 16. Bf4 Rxc1+ 17. Qxc1 Qc8 18. Qxc8+ Bxc8 19. Ne5 Nxe5 1/2-1/2

[Event "Montreal op"]
[Site "Montreal CAN"]
[Date "2011.09.11"]
[Round "5.5"]
[White "L'Ami, Alina"]
[Black "Leutschaft, Martin"]
[Result "1/2-1/2"]
[WhiteElo "2368"]
[BlackElo "2099"]
[PlyCount "164"]
[GameId "2160767909648448"]
[EventDate "2011.09.09"]
[EventType "swiss"]
[EventRounds "5"]
[EventCountry "CAN"]
[SourceTitle "EXT 2022"]
[Source "ChessBase"]
[SourceDate "2021.10.06"]
[SourceVersion "1"]
[SourceVersionDate "2021.10.06"]
[SourceQuality "1"]

1. d4 d5 2. c4 e6 3. Nf3 c5 4. cxd5 exd5 5. g3 Nc6 6. Bg2 Nf6 7. O-O Be7 8. Nc3 O-O 9. Bg5 cxd4 10. Nxd4 Qb6 11. Nb3 d4 12. Bxf6 Bxf6 13. Nd5 Qd8 14. Nxf6+ Qxf6 15. Qd3 Bg4 16. Bxc6 Qxc6 17. Rfc1 Qb6 18. f3 Be6 19. Qxd4 Qb5 20. Qd3 Qb6+ 21. Nd4 Rad8 22. e3 Bd5 23. Qe2 Rfe8 24. Qf2 g6 25. Rc3 Rc8 26. Rac1 Rxc3 27. Rxc3 f5 28. Qc2 Re7 29. Rc8+ Kg7 30. Qc3 Kh6 31. Kf2 Qf6 32. Rc5 Qe5 33. Ne2 Qxc3 34. Nxc3 Bf7 35. a3 Rd7 36. Ke2 Kg7 37. e4 b6 38. Rc6 fxe4 39. fxe4 Bb3 40. Ke3 Kf7 41. Ne2 Re7 42. Nf4 g5 43. Nh3 g4 44. Nf4 Ke8 45. Kd4 Rd7+ 46. Nd5 Bxd5 47. exd5 Rf7 48. Ke5 Rf2 49. Rh6 Rxb2 50. Rxh7 a5 51. Kd6 b5 52. Rh8+ Kf7 53. Kc5 b4 54. axb4 axb4 55. d6 Ke6 56. Re8+ Kd7 57. Re7+ Kd8 58. Rb7 b3 59. Kd5 Rd2+ 60. Ke6 b2 61. Kf5 Rxh2 62. Kxg4 Rd2 63. Kh5 Ke8 64. g4 Rxd6 65. Rxb2 Kf7 66. Rb7+ Kg8 67. g5 Ra6 68. Re7 Rb6 69. Kg4 Ra6 70. Re5 Rb6 71. Kf5 Ra6 72. Re7 Rb6 73. Kg4 Ra6 74. Re5 Rb6 75. Rf5 Ra6 76. Kh5 Kg7 77. Rd5 Rb6 78. Rd7+ Kg8 79. g6 Rb1 80. Kh6 Rh1+ 81. Kg5 Rg1+ 82. Kh6 Rh1+ 1/2-1/2

[Event "Montreal op"]
[Site "Montreal CAN"]
[Date "2011.09.11"]
[Round "5.6"]
[White "Caire, Francois"]
[Black "Lepine, Cedric"]
[Result "1-0"]
[WhiteElo "2167"]
[BlackElo "2050"]
[PlyCount "99"]
[GameId "2160767909648449"]
[EventDate "2011.09.09"]
[EventType "swiss"]
[EventRounds "5"]
[EventCountry "CAN"]
[SourceTitle "EXT 2022"]
[Source "ChessBase"]
[SourceDate "2021.10.06"]
[SourceVersion "1"]
[SourceVersionDate "2021.10.06"]
[SourceQuality "1"]

1. d4 Nf6 2. c4 g6 3. g3 c6 4. Nf3 d5 5. b3 Bg7 6. Bb2 a6 7. Bg2 O-O 8. O-O b5 9. Nbd2 Bb7 10. Qc2 Nbd7 11. Rfe1 Rc8 12. c5 Re8 13. b4 Ra8 14. Nb3 Ne4 15. a4 e5 16. Na5 Qc7 17. dxe5 Nxe5 18. Nxe5 Bxe5 19. Bxe5 Rxe5 20. Qb2 Ree8 21. Nb3 bxa4 22. Rxa4 Ng5 23. e3 Bc8 24. Rea1 Rb8 25. Nd4 Ne6 26. Nxe6 fxe6 27. Bf1 Qa7 28. R1a2 Rb5 29. Bxb5 cxb5 30. Ra5 Qc7 31. Qd4 e5 32. Qd1 Qc6 33. Rd2 Bb7 34. f3 g5 35. h3 Qh6 36. Kg2 g4 37. hxg4 Qxe3 38. Rd3 Qh6 39. Qd2 Qe6 40. Qg5+ Kh8 41. Qf5 Qc6 42. Ra1 Bc8 43. Qf7 d4 44. Rh1 h6 45. Rxh6+ Qxh6 46. Qxe8+ Kg7 47. Qxc8 Qc1 48. Qf5 Qc2+ 49. Kh3 Qe2 50. g5 1-0

[Event "Montreal op"]
[Site "Montreal CAN"]
[Date "2011.09.11"]
[Round "5.7"]
[White "Gagnon, Serge"]
[Black "Gulko, Andrei"]
[Result "1/2-1/2"]
[WhiteElo "2101"]
[BlackElo "2215"]
[PlyCount "98"]
[GameId "2160767909648450"]
[EventDate "2011.09.09"]
[EventType "swiss"]
[EventRounds "5"]
[EventCountry "CAN"]
[SourceTitle "EXT 2022"]
[Source "ChessBase"]
[SourceDate "2021.10.06"]
[SourceVersion "1"]
[SourceVersionDate "2021.10.06"]
[SourceQuality "1"]

1. d4 Nf6 2. Nf3 e6 3. c4 Bb4+ 4. Bd2 Qe7 5. Nc3 Bxc3 6. Bxc3 Ne4 7. Qc2 f5 8. e3 b6 9. d5 Na6 10. dxe6 dxe6 11. Qa4+ Kf8 12. Qc2 Nxc3 13. Qxc3 Qb4 14. Qxb4+ Nxb4 15. O-O-O Nc6 16. c5 Ke7 17. Bb5 Bb7 18. Bxc6 Bxc6 19. Ne5 Bd5 20. f4 bxc5 21. Rd2 Rhd8 22. Rhd1 Rd6 23. b3 a5 24. Kc2 a4 25. Kc3 axb3 26. axb3 Ra3 27. Nc4 Bxc4 28. Kxc4 Ra5 29. h3 h5 30. g3 Kd7 31. Kc3 Kc6 32. g4 hxg4 33. hxg4 fxg4 34. Rg1 Rb5 35. Rdg2 Rb4 36. Rxg4 Re4 37. R1g3 Rd7 38. Rg6 Kb5 39. R6g5 Kc6 40. Rg6 Kb5 41. R6g5 c6 42. Rh5 Kb6 43. Rhg5 Ra7 44. Re5 Rxe5 45. fxe5 Kb5 46. Rg6 Re7 47. Rg4 Ra7 48. Rg6 Re7 49. Rg4 Ra7 1/2-1/2